• 首页
  • 本馆介绍
  • 公告通知
  • 最新文献
  • 馆藏检索
  • 电子资源
  • 读者导购
  • 参考咨询
  • 我的图书馆
  • 登录
  • 详细信息显示
  • 放入我的书架
  • 预约/预借图书
  • 作者相关作品
  • 分类相关作品
  • 丛书相关作品
  • 出版社相关作品

书目信息

  • 表格格式
  • 工作单格式
  • 卡片格式
题名:
国际经济学
    
 
作者: 赵曙东 编著
分册:  
出版信息: 北京   中国人民大学出版社  2015
页数: 503页
开本: 26cm
丛书名:
单 册:
中图分类: F11-0
科图分类:
主题词: 国际经济学--guo ji jing ji xue--教材
电子资源:
ISBN: 978-7-300-21574-7
000 00844nam0 22002531 450
001 0109172508
005 20170309172508.0
010    @a978-7-300-21574-7@dCNY59.00
100    @a20151125d2015 em y0chiy50 ea
101 0  @achi
102    @aCN@b110000
105    @ay z 000yy
106    @ar
200 1  @a国际经济学@9guo ji jing ji xue@dInternational economics@f赵曙东编著@zeng
210    @a北京@c中国人民大学出版社@d2015
215    @a503页@d26cm
300    @a新编21世纪经济学系列教材
330    @a本书共分四篇,十五章。包括国际贸易理论、国际贸易政策、国际货币经济学基础、开放经济的宏观经济政策。
510 1  @aInternational economics@zeng
606 0  @a国际经济学@9guo ji jing ji xue@j教材
690    @aF11-0@v5
701  0 @a赵曙东@9zhao shu dong@c(经济)@4编著
801  0 @aCN@bTANGWEI@c20170308
905    @b0954092-5@dF11-0@e179@f4
    
    国际经济学=International economics/赵曙东编著.-北京:中国人民大学出版社,2015
    503页;26cm
    新编21世纪经济学系列教材
    
    ISBN 978-7-300-21574-7:CNY59.00
    本书共分四篇,十五章。包括国际贸易理论、国际贸易政策、国际货币经济学基础、开放经济的宏观经济政策。
●
相关链接 在E读中查询图书 在五车中查询图书 在当当中查询图书 在豆瓣中查询图书


正题名:国际经济学     索取号:F11-0/179         预约/预借

序号 登录号 条形码 馆藏地/架位号 状态 备注
1 0954092   209540923   第一样本阅览室/ [索取号:F11-0/179] 在馆    
2 0954093   209540932   第一借阅区/ [索取号:F11-0/179] 在馆    
3 0954094   209540941   第一借阅区/ [索取号:F11-0/179] 在馆    
4 0954095   209540950   第一借阅区/ [索取号:F11-0/179] 在馆    
唐山师范学院图书馆 欢迎您!
大连网信软件有限公司© 版权所有